| 000 | 00716cab a2200265 4500 | ||
|---|---|---|---|
| 001 | ABS38479 | ||
| 008 | 090401t1987 xxu||||| |||| 00| 0 eng d | ||
| 035 | _a(Sirsi) u10901 | ||
| 041 | _aeng | ||
| 100 | _aCornes, D. | ||
| 245 | 4 | _aThe Stolport effect | |
| 260 | _c1987 | ||
| 350 | _a0 | ||
| 490 |
_aWorld Property _vNovember 1987, 21(1) |
||
| 520 | _aA brief report on the opening of the London City Airport and its effect on development in the Royal Docks area in which it is situated. | ||
| 650 | _aCITY | ||
| 650 | _aHOUSING | ||
| 650 | _aLEISURE | ||
| 650 | _aLONDON | ||
| 650 | _aOFFICES | ||
| 650 | _aSHOPPING | ||
| 690 | _aPROPERTY-COMMERCIAL PROPERTY | ||
| 942 | _n0 | ||
| 948 | _c04/03/1997 | ||
| 999 |
_c6942 _d6942 |
||